Statistiques concernant Buteurs équatoriens en Coupe du Monde

Cliquez ici pour prendre le quiz!

Statistiques générales

  • Ce quiz a été pris 11 fois
    (7 depuis la dernière actualisation)
  • Le résultat moyen est 2 sur 6

Statistiques - réponses

Nombre de butsClubNom du joueur% Correct
6Pachuca, Fenerbahçe SKEnner Valencia
100%
1Brighton & HoveMoisés Caicedo
71%
3Southampton, LDU QuitoAgustín Delgado
14%
2Al-SaddCarlos Tenorio
14%
1Deportivo QuitoÉdinson Méndez
14%
1Argentinos JuniorsIván Kaviedes
14%

Distribution des résultats

Percentile par nombre de réponses

% des personnes avec chaque résultat

Votre développement - résultats

Vous n’avez pas pris ce quiz depuis la dernière actualisation